000 00736nam a2200241 i 4500
001 105585
003 ES-MaACL
007 t|
008 060726s1961 it ||||1| ita d
080 _a32 Togliatti, Palmiro
080 _a329(45)PCI
080 _a330.85(47)
100 1 _aSeniga, Giulio.
_9105468
245 1 0 _aTogliatti e Stalin
_b: contributo alla biografia del segretario del PCI /
_cGiulio Seniga.
250 _a2ยช ed.
260 _a[Milano] :
_bSugar,
_c1961.
300 _a142 p. :
_bil. ;
_c21 cm.
500 _aBiblioteca Juan Andrade.
600 1 4 _aTogliatti, Palmiro.
_9110420
610 2 7 _aPartito comunista italiano.
_96163
650 1 4 _aComunismo-
_zRusia.
_911225
852 _aES-MaACL
_jAND-404
_bR.109708
999 _c105585
_d105585